|
|
|
|
| LEADER |
00831cam a2200229 a 4500 |
| 001 |
0000082020 |
| 005 |
20070124090000.0 |
| 040 |
|
|
|a mod
|
| 041 |
|
|
|a eng
|
| 020 |
0 |
0 |
|a 1403970742
|
| 090 |
0 |
0 |
|a 363.320973
|b PHA
|e 2005
|
| 100 |
1 |
0 |
|a Phares
|h Walid
|
| 245 |
1 |
0 |
|a Future Jihad
|b terrorist strategies against America
|c Walid Phares
|
| 260 |
0 |
0 |
|a New York
|b Palgrave Macmillan
|c 2005
|
| 300 |
0 |
0 |
|a viii, 277 p.
|b ill., maps
|c 25 cm
|
| 500 |
0 |
0 |
|a Includes bibliographical references and index
|
| 650 |
0 |
0 |
|a Terrorism
|x Religious aspects
|x Islam
|
| 650 |
0 |
0 |
|a Terrorism
|z United States
|
| 650 |
0 |
0 |
|a Terrorism
|z Islamic countries
|
| 650 |
0 |
0 |
|a Jihad
|
| 999 |
|
|
|a 0248766
|b Markas Garison Gemas
|d BOOKS
|e Umum
|f Markas Garison Gemas
|j AVAILABLE
|q GOOD CONDITION
|
| 999 |
|
|
|a 0250856
|b Markas Garison Gemas
|d BOOKS
|e Umum
|f Markas Garison Gemas
|j AVAILABLE
|q GOOD CONDITION
|